Normal view
MARC view
- Farzana Ahmed
Entry Personal Name
001 - CONTROL NUMBER
- control field: 20906
003 - CONTROL NUMBER IDENTIFIER
- control field: NUST
005 - DATE AND TIME OF LATEST TRANSACTION
- control field: 20190918135941.0
008 - FIXED-LENGTH DATA ELEMENTS
- fixed length control field: 190918|| aca||aabn | a|a d
040 ## - CATALOGING SOURCE
- Original cataloging agency: NUST
- Transcribing agency: NUST
100 ## - HEADING--PERSONAL NAME
- Personal name: Farzana Ahmed
670 ## - SOURCE DATA FOUND
- Source citation: Work cat.: (NUST): Farooq, Komal 20905, Educating In-Service Teachers of Educators as Reflective Practitioners /, 2017.
